Guess 6 Countries and 6 Capitals from 6 Continents - Crossword Game #2 - Statistics

General Stats
  • This quiz has been taken 472 times
  • The average score is 4 of 12
Answer Stats
Hint Answer % Correct
Oceanian Country Vanuatu
75%
South American Country Paraguay
66%
South American Capital Asuncion
43%
North American Country El Salvador
42%
Oceanian Capital Suva
38%
Asian Country China
37%
European Country Slovenia
30%
African Country Algeria
24%
North American Capital Nassau
23%
European Capital Sarajevo
12%
Asian Capital Yerevan
9%
African Capital Yaounde
8%
No matching quizzes found
Score Distribution
Percent of People with Each Score
Percentile by Number Answered
Your Score History
You have not taken this quiz